Which album is this track from?(BLACKPINK ver.) - Statistics

General Stats
  • This quiz has been taken 45 times
  • The average score is 9 of 15
Answer Stats
Hint Answer % Correct
Collaborating single(with Dua Lipa) Kiss and Make Up
97%
Pre-release (THE ALBUM) (with Selena Gomez) Ice Cream
83%
Pre-release (BORN PINK) Pink Venom
77%
Collaborating single(with Lady Gaga) Sour Candy
77%
Pre-release (THE ALBUM) How You Like That
67%
BLACKPINK The Game OST THE GIRLS
67%
Digital single (11/7/2025) JUMP
60%
BLACKPINK X PUBG collab single Ready For Love
60%
KILL THIS LOVE Hope Not
57%
SQUARE ONE WHISTLE
57%
Digital single (22/6/2017) AS IF IT'S YOUR LAST
53%
THE ALBUM Crazy Over You
53%
SQUARE UP DDU-DU DDU-DU
50%
BORN PINK The Happiest Girl
50%
SQUARE TWO PLAYING WITH FIRE
40%
No matching quizzes found
Score Distribution
Percent of People with Each Score
Percentile by Number Answered
Your Score History
You have not taken this quiz